000 00694pam a2200241 a 4500
001 1070237
005 20241215155238.0
008 910514s1992 nyua b 001 0 eng c
020 _a9780065002430
020 _a006500907X (Teacher ed.)
050 0 0 _aQP34.5
_b.T68 1992
082 0 0 _a612
_220
100 1 _aTortora, Gerard J.
245 1 0 _aPrinciples of human anatomy /
_cGerard J. Tortora.
250 _a6th ed.
260 _aNew York, NY :
_bHarperCollins Publishers,
_cc1992.
300 _axix, 788, [84] p. :
_bill. (some col.) ;
_c29 cm.
650 0 _aHuman physiology.
650 0 _aHuman anatomy.
650 2 _aAnatomy.
650 2 _aPhysiology.
942 _2lcc
_cBK
_e6th ed.
_n0
999 _c2288
_d2288